000 00427nam a2200157Ia 4500
008 240729s9999 xx 000 0 und d
022 _a1828-051X
245 0 _aItalian Journal of Animal Science
260 _aUnited Kingdom
260 _bTaylor & Francis Group
650 _a Animal culture
650 _aAgriculture
856 _uhttps://doaj.org/toc/7a47692dd07b4d698d089afa7cc78744
942 _2ddc
942 _cDOAJEJ
999 _c69048
_d69048
945 _a1
_bMadushi Gamage
_c1
_dMadushi Gamage